History of the Filipino people / (Record no. 284013)
[ view plain ]
| 000 -LEADER | |
|---|---|
| fixed length control field | 00825nam a22003137a 4500 |
| 003 - CONTROL NUMBER IDENTIFIER | |
| control field | PILC |
| 005 - DATE AND TIME OF LATEST TRANSACTION | |
| control field | 20150827094446.0 |
| 008 - FIXED-LENGTH DATA ELEMENTS--GENERAL INFORMATION | |
| fixed length control field | 121211t xxu||||| |||| 00| 0 eng d |
| 020 ## - INTERNATIONAL STANDARD BOOK NUMBER | |
| International Standard Book Number | 9718711066 |
| 050 ## - LIBRARY OF CONGRESS CALL NUMBER | |
| Classification number | DS 668 |
| Item number | .Ag275 1990 |
| 082 ## - DEWEY DECIMAL CLASSIFICATION NUMBER | |
| Classification number | FIL 959.9 |
| Item number | Ag7 1990 |
| 100 ## - MAIN ENTRY--PERSONAL NAME | |
| Personal name | Agoncillo, Teodoro A. |
| 245 ## - TITLE STATEMENT | |
| Title | History of the Filipino people / |
| Statement of responsibility, etc | Agoncillo, Teodoro A. |
| 250 ## - EDITION STATEMENT | |
| Edition statement | 8th edition. |
| 260 ## - PUBLICATION, DISTRIBUTION, ETC. (IMPRINT) | |
| Place of publication, distribution, etc | Quezon city : |
| Name of publisher, distributor, etc | GAROTECH Publishing, |
| Date of publication, distribution, etc | 1990. |
| 300 ## - PHYSICAL DESCRIPTION | |
| Extent | xii, 637 pages : |
| Dimensions | 23 cm. |
| Other physical details | illustrations ; |
| 500 ## - GENERAL NOTE | |
| General note | Includes index. |
| 526 ## - STUDY PROGRAM INFORMATION NOTE | |
| Reading level | 1210L-1700L |
| 562 ## - COPY AND VERSION IDENTIFICATION NOTE | |
| Number of copies | 6 |
| 650 ## - SUBJECT ADDED ENTRY--TOPICAL TERM | |
| Topical term or geographic name as entry element | History (Filipino). |
| 650 ## - SUBJECT ADDED ENTRY--TOPICAL TERM | |
| Topical term or geographic name as entry element | History |
| Geographic subdivision | Philippines. |
| 942 ## - ADDED ENTRY ELEMENTS (KOHA) | |
| Source of classification or shelving scheme | Library of Congress Classification |
| Koha item type | Books |
| Call number prefix | Filipininana |
| Withdrawn status | Lost status | Source of classification or shelving scheme | Damaged status | Home library | Current library | Shelving location | Date acquired | Source of acquisition | Total Checkouts | Total Renewals | Full call number | Barcode | Date last seen | Date checked out | Price effective from | Koha item type | Sub Shelving location | Checked out |
|---|---|---|---|---|---|---|---|---|---|---|---|---|---|---|---|---|---|---|
| Library of Congress Classification | Archives | Archives | 05/19/2015 | Donation | 6 | 11 | DS 668 .Ag275 1990 | C19317 | 08/28/2019 | 08/19/2019 | 05/19/2015 | Books | ||||||
| Library of Congress Classification | Archives | Archives | 05/19/2015 | Donation | 2 | 42 | DS 668 .Ag275 1990 | C19319 | 02/27/2019 | 04/11/2018 | 05/19/2015 | Books | ||||||
| Library of Congress Classification | Archives | Archives | 08/27/2015 | Donation | 5 | 8 | DS 668 .Ag275 1990 | C19837 | 10/03/2019 | 10/02/2019 | 08/27/2015 | Books | ||||||
| Library of Congress Classification | College Library | College Library | Filipiniana Section | 05/19/2015 | Library Fund | 1 | 3 | DS 668 .Ag275 1990 | C19318 | 07/03/2015 | 07/03/2015 | 05/19/2015 | Books | 08/13/2015 | ||||
| Library of Congress Classification | College Library | College Library | Filipiniana Section | 05/19/2015 | Library Fund | 6 | 12 | DS 668 .Ag275 1990 | C19320 | 02/09/2019 | 02/07/2019 | 05/19/2015 | Books | |||||
| Library of Congress Classification | College Library | College Library | Filipiniana Section | 05/19/2015 | Library Fund | 7 | DS 668 .Ag275 1990 | C19321 | 04/20/2017 | 03/02/2016 | 05/19/2015 | Books | ||||||
| Library of Congress Classification | College Library | College Library | Filipiniana Section | 05/19/2015 | Library Fund | 5 | 8 | DS 668 .Ag275 1990 | C19322 | 02/07/2019 | 01/07/2019 | 05/19/2015 | Books |